000 00779nam a2200241Ia 4500
003 GCL
005 20240530102521.0
008 140319s9999 xx 000 0 ara d
040 _aGCL /
_cGCL
082 0 4 _a327.09
_bق/ى ا
100 1 _aيحيى الزيان
245 1 0 _aدراسة فى الاستراتيجية المصرية 1945 - 1985 /
_cيحيى الزيان
260 _a[S.N] :
_bدار النهضة العربية
300 _a282 ص
650 0 4 _aمصر
650 0 4 _aالاحوال السياسية
650 0 4 _aالعلاقات الخارجية
650 0 4 _aثورة 23 يوليو 1952
650 0 4 _aالملك فاروق
650 0 4 _aالاستراتيجية
650 0 4 _aالاستراتيجية الدبلوماسية
942 _2ddc
_cBK
999 _c32817
_d32817